000 00697nam a2200205 a 4500
003 AM-YEHGA
040 _aAM-YeHGA
090 _c82004
001 000229232
005 20250618071547.0
008 030527s1945 ai r 000 0 arm d
041 0 _aarm
100 1 _aՄկրտչյան, Հարություն Գաբրիելի,
_d1903-1992
_91865
245 1 0 _aԶանգակավոր գայլը :
_b[Հեքիաթ] /
_cՀ. Մկրտչյան; Նկ.՝ Մ. Մոխ.
260 _aԵրևան :
_bՀայպետհրատ,
_c1945.
300 _a22 էջ :
_bնկ. ;
_c14 սմ.
650 1 4 _aՀայ մանկական գրականություն
_xՀեքիաթ
700 1 _aՄոխ, Մ.
_eնկ.
_4art
942 _2udc
_cBK
999 _c80736
_d80736